Managerial Accounting (Record no. 5916)

MARC details
005 - DATE AND TIME OF LATEST TRANSACTION
control field 20250628091138.0
020 ## - INTERNATIONAL STANDARD BOOK NUMBER
International Standard Book Number 0-07-09110TCP0987654
082 ## - DEWEY DECIMAL CLASSIFICATION NUMBER
Classification number 658 MAN
245 ## - TITLE STATEMENT
Title Managerial Accounting
250 ## - EDITION STATEMENT
Edition statement 6th Ed.
260 ## - PUBLICATION, DISTRIBUTION, ETC.
Place of publication, distribution, etc. New York,
Name of publisher, distributor, etc. McGraw Hill,
Date of publication, distribution, etc. 2004
300 ## - PHYSICAL DESCRIPTION
Extent xxv,707p.; ill.; figure
Other physical details Index
Dimensions 27cm
700 ## - ADDED ENTRY--PERSONAL NAME
Other authors/Editors GARRISON, R. et all...
942 ## - ADDED ENTRY ELEMENTS (KOHA)
Source of classification or shelving scheme Dewey Decimal Classification
Koha item type Books
Holdings
Date last seen Total checkouts Full call number Barcode Cost, replacement price Price effective from Koha item type Lost status Source of classification or shelving scheme Damaged status Not for loan Withdrawn status Home library Current library Shelving location Date acquired Cost, normal purchase price
06/28/2025   658 MAN DOM000426 150000.00 06/28/2025 Books   Dewey Decimal Classification       CBE Dodoma CBE Dodoma General Collection 06/03/2015 50000.00